Statistics for Random Serbian words

Click here to take the quiz!

General Stats

  • This quiz has been taken 3,165 times
    (3,134 since last reset)
  • The average score is 31 of 40

Answer Stats

EnglishSerbian% Correct
DoorVrata
93%
WindowProzor
91%
BelgradeBeograd
90%
MontenegroCrna Gora
90%
PaperPapir
90%
GuitarGitara
89%
BedKrevet
89%
KnifeNož
89%
ChinaKina
88%
HorseKonj
88%
RussiaRusija
88%
CameraKamera
87%
BookKnjiga
87%
GermanyNemačka
86%
PensilOlovka
86%
HeadphonesSlušalice
86%
ComputerKompjuter
85%
FranceFrancuska
84%
QuizKviz
84%
North KoreaSeverna Koreja
82%
SleepingSpavanje
82%
BulgariaBugarska
80%
TurtleKornjača
79%
SmileOsmeh
79%
WordReč
78%
New ZealandNovi Zeland
77%
To cryPlakati
77%
ShoeCipela
76%
DonkeyMagarac
76%
AxeSekira
75%
goodbyeDoviđenja
74%
To flyLeteti
74%
OrangeNarandža
73%
BotswanaBocvana
72%
DanubeDunav
71%
PenHemijska olovka
70%
Ivory CoastObala Slonovače
57%
SeychellesSejšeli
55%
Marshall IslandsMaršalska Ostrva
48%
Saint Kitts and NevisSveti Kristofer i Nevis
9%

Score Distribution

Percentile by Number Answered

Percent of People with Each Score

Your Score History

You have not taken this quiz since the last reset